000 00248nam a2200109Ia 4500
008 200302s9999 xx 000 0 und d
100 _aFelipe Candiota
245 _aBrazil Hotels
260 _bLoft Publications
260 _c2011
300 _a406 P.,
999 _c3083
_d3083